| 000 | 01281nam a22002897a 4500 | ||
|---|---|---|---|
| 003 | MN-UlNLM | ||
| 005 | 20250121163620.0 | ||
| 008 | 250121s2022 cc ||||| |||| 00| 0 chi d | ||
| 020 | _a9787109300682 | ||
| 040 |
_aUB01000001 _bmon _cMN-UlNLM _dMN-UlNLM _eRDA |
||
| 041 | 0 |
_achn _aMB |
|
| 043 | _aa-cc--- | ||
| 084 | _2NNA | ||
| 100 | 1 |
_a熊本海 恩和 苏日娜等 著 _eзохиогч |
|
| 245 | 1 | _a牛实体解剖学图谱 | |
| 246 |
_aᠦᢈᠡᠷ ᠦ᠋ᠨ ᠠᠨᠠᠲ᠋ᠤᠮᠢ ᠶ᠋ᠢᠨ ᠪᠣᠳᠠᠲᠤ ᠵᠢᠷᠤᠭ _iхавтас дээр монгол бичгээр бичсэн |
||
| 264 | 1 |
_a北京 _b中国农业出版社 _c2022 |
|
| 300 |
_a411 хуудастай _bанатомийн гэрэл зурагтай _c27 см |
||
| 504 | _aИндекстэй (Хуудас 387-410) Ном зүйтэй (Хуудас 411) | ||
| 505 |
_t课题组组长 -- _t课题组副组长 -- _t课题组成员 |
||
| 520 | _aҮхэрийн анатомийн зурагт толь | ||
| 650 | _aҮхэрийн анатомийн зурагт толь | ||
| 650 | _aхятадын хөдөө аж ахуй | ||
| 880 | 1 |
_6245-01(N _aNiú shítǐ jiěpōu xué túpǔ |
|
| 880 | 1 |
_6264-02(N _aBěijīng _bZhōngguó nóngyè chūbǎn shè _c2022 |
|
| 942 |
_2NNA _cBK |
||
| 999 |
_c1155166 _d1155223 |
||